9-Алкенилкарбазолы. 13. Трифторацетилирование транс- и цис--9-алкенилкарбазолов; Химия гетероциклических соединений; № 8

Dades bibliogràfiques
Parent link:Химия гетероциклических соединений: научно-теоретический журнал/ Латвийский институт органического синтеза.— , 1965-1997, 2006-
№ 8.— 1988.— С. 1066-1069
Autor principal: Москалев Н. В.
Altres autors: Филимонов В. Д. Виктор Дмитриевич, Сириткина Е. Е.
Sumari:Трифторацетилированием 9-алкенилкарбазолов в пиридине протекает регио- и стереоспецифично с образованием β-трифторацетильных производных. цис-Изомеры инертны по отношению к (CF3CO)2O
Idioma:rus
Publicat: 1988
Matèries:
Format: MixedMaterials Capítol de llibre
KOHA link:https://koha.lib.tpu.ru/cgi-bin/koha/opac-detail.pl?biblionumber=543220

MARC

LEADER 00000naa2a2200000 4500
001 543220
005 20231220105506.0
035 |a (RuTPU)RU\TPU\prd\234209 
090 |a 543220 
100 |a 20150402a1988 k y0rusy50 ca 
101 0 |a rus 
102 |a RU 
200 1 |a 9-Алкенилкарбазолы. 13. Трифторацетилирование транс- и цис--9-алкенилкарбазолов  |f Н. В. Москалев, В. Д. Филимонов, Е. Е. Сириткина 
330 |a Трифторацетилированием 9-алкенилкарбазолов в пиридине протекает регио- и стереоспецифично с образованием β-трифторацетильных производных. цис-Изомеры инертны по отношению к (CF3CO)2O 
461 0 |0 (RuTPU)RU\TPU\prd\423  |t Химия гетероциклических соединений  |o научно-теоретический журнал  |f Латвийский институт органического синтеза  |d 1965-1997, 2006- 
463 0 |0 (RuTPU)RU\TPU\prd\97297  |t № 8  |v С. 1066-1069  |d 1988 
610 1 |a труды учёных ТПУ 
700 1 |a Москалев  |b Н. В. 
701 1 |a Филимонов  |b В. Д.  |c химик  |c профессор Томского политехнического университета, доктор химических наук  |f 1945-  |g Виктор Дмитриевич  |3 (RuTPU)RU\TPU\pers\12908  |9 3693 
701 1 |a Сириткина  |b Е. Е. 
801 1 |a RU  |b 63413507  |c 20150402 
801 2 |a RU  |b 63413507  |c 20170428  |g RCR 
942 |c BK